000 01701aab a2200253 i 4500
001 768714001
003 CO-MdFUSB
005 20240705101835.0
008 240705t1996 sz ||||| |||| 00| 0 eng d
040 _bspa
_cCO-MdFUSB
041 _aeng
100 1 _aWilley, Patricia
_eautor
245 1 0 _aSing to God a new song :
_busing the past to construct a future
_c/ Patricia Willey
520 _aLa evaluación de la ortodoxia no debe centrarse en si una interpretación armoniza con todas las tradiciones, ya que no puede combinarse sin entrar en conflicto con otras, ni debe considerar si las preferencias de una época, persona o entidad están en armonía. Quizás uno pueda pensar en la ortodoxia más bien en términos de la relación creativa entre el pasado y el presente: ¿la nueva palabra promueve la continuidad, aborda las preocupaciones actuales, respeta la sabiduría de las épocas así como la experiencia de su gente? El antiguo profeta ofrece este modelo para los visionarios cristianos de hoy: no adorar ni rechazar las interpretaciones pasadas de un Dios invisible, sino conocerlas, recordarlas, dejarse habitar por ellas y actuar sin miedo en consecuencia cuando sea necesario. Cantad un cántico nuevo a Dios, cuya propia sabiduría inspira cada discurso fiel.
546 _aTexto en inglés.
650 7 _aHermenéutica bíblica
_97333
650 7 _aDios
_xEnseñanza bíblica
_9323
650 7 _aBiblia y literatura
_97329
650 0 _aCredos
_9683
650 7 _aTeología dogmática
_96937
773 0 _tReformed World
_049396
_959536
_gVolumen 46, (número 1, 1996) páginas: 37 - 46
_qpágina: 37
942 _cANA
945 _aCatherine Arias Álvarez - Practicante SENA
999 _c55424
_d55424